[Event "CZE-chT1E 1718"]
[Site "Czech Republic"]
[Date "2017.10.22"]
[Round "1.3"]
[White "Hrabal, Michal"]
[Black "Krejca, Jakub"]
[Result "0-1"]
[WhiteElo "2104"]
[BlackElo "2088"]
[PlyCount "94"]
[EventDate "2017.10.22"]
[EventType "team-tourn"]
[EventRounds "11"]
[EventCountry "CZE"]
[SourceTitle "CBM 181 Extra"]
[Source "ChessBase"]
[SourceDate "2017.12.12"]
[SourceVersion "1"]
[SourceVersionDate "2017.12.12"]
[SourceQuality "1"]
[WhiteTeam "Grygov"]
[BlackTeam "Hostalkova"]
[WhiteTeamCountry "CZE"]
[BlackTeamCountry "CZE"]

1. e4 e6 2. d3 d5 3. Nd2 Nf6 4. Ngf3 Be7 5. g3 c5 6. Bg2 Nc6 7. 0-0 0-0 8. e5 Nd7 9. Re1 b5 10. h4 a5 11. Nf1 Qc7 12. Bf4 a4 13. a3 b4 14. N1h2 bxa3 15. bxa3 Ba6 16. Ng4 Rfb8 17. Ng5 Bxg5 18. hxg5 Rb2 19. Bxd5 exd5 20. e6 Qc8 21. exd7 Qxd7 22. Ne5 Nxe5 23. Rxe5 Re8 24. Qg4 Qd8 25. Rae1 Rxe5 26. Bxe5 Rb7 27. Bf6 Qf8 28. Be5 Bb5 29. Qf4 Qc8 30. d4 c4 31. Kg2 Bd7 32. Bd6 Be6 33. Bb4 Rd7 34. g4 Rd8 35. f3 Re8 36. Rh1 Bd7 37. Kf2 Re6 38. Qh2 h6 39. Bd2 Qe8 40. Kf1 c3 41. Bxc3 Bb5+ 42. Kg1 Re2 43. Qf4 Rxc2 44. Rxh6 Rxc3 45. g6 Qe1+ 46. Kh2 Rc2+ 47. Kh3 Bf1# 0-1

[Event "CZE-chT2C 1718"]
[Site "Czech Republic"]
[Date "2017.10.15"]
[Round "1.3"]
[White "Bartos, Jan"]
[Black "Hrabal, Michal"]
[Result "1-0"]
[WhiteElo "2227"]
[BlackElo "2104"]
[PlyCount "57"]
[EventDate "2017.10.15"]
[EventType "team-tourn"]
[EventRounds "11"]
[EventCountry "CZE"]
[SourceTitle "EXT 2022"]
[Source "ChessBase"]
[SourceDate "2021.10.06"]
[SourceVersion "1"]
[SourceVersionDate "2021.10.06"]
[SourceQuality "1"]
[WhiteTeam "Unichess Vyletna"]
[BlackTeam "Jihlava Gambit"]
[WhiteTeamCountry "CZE"]
[BlackTeamCountry "CZE"]

1. d4 d5 2. c4 Nc6 3. Nc3 Nf6 4. cxd5 Nxd5 5. e4 Nxc3 6. bxc3 e5 7. d5 Ne7 8. Nf3 Ng6 9. Bb5+ Bd7 10. Qa4 a6 11. Bxd7+ Qxd7 12. Qxd7+ Kxd7 13. Be3 f6 14. g3 b5 15. Ke2 c5 16. dxc6+ Kxc6 17. a4 Be7 18. axb5+ axb5 19. Nd2 Bc5 20. Bxc5 Kxc5 21. Nb3+ Kc4 22. Na5+ Kxc3 23. Rhc1+ Kb4 24. Nc6+ Kb3 25. Rab1+ Ka2 26. Nb4+ Ka3 27. Rc3+ Ka4 28. Nc6 Rhc8 29. Rb4# 1-0

[Event "CZE-chT1E 1516"]
[Site "Czech Republic"]
[Date "2016.01.31"]
[Round "7.5"]
[White "Holemar, David"]
[Black "Hrabal, Michal"]
[Result "1-0"]
[WhiteElo "2281"]
[BlackElo "2130"]
[PlyCount "89"]
[EventDate "2015.10.11"]
[EventType "team-tourn"]
[EventRounds "11"]
[EventCountry "CZE"]
[SourceTitle "CBM 170 Extra"]
[Source "ChessBase"]
[SourceDate "2016.02.25"]
[SourceVersion "1"]
[SourceVersionDate "2016.02.25"]
[SourceQuality "1"]
[WhiteTeam "Brno Moravska Slavia"]
[BlackTeam "Grygov"]
[WhiteTeamCountry "CZE"]
[BlackTeamCountry "CZE"]

1. d4 Nf6 2. Nf3 g6 3. Bf4 Bg7 4. e3 d6 5. h3 Nbd7 6. Be2 0-0 7. 0-0 c5 8. c4 b6 9. Nc3 Re8 10. d5 h6 11. Bh2 g5 12. Nd2 Nf8 13. Qc2 Bd7 14. a4 g4 15. hxg4 Nxg4 16. Bg3 a5 17. Nb5 Ng6 18. Bd3 Qc8 19. Ra3 Rf8 20. Be2 h5 21. f3 h4 22. Be1 Nf6 23. f4 Bg4 24. Qd1 Kh7 25. Nf3 Rh8 26. Ng5+ Kg8 27. e4 h3 28. gxh3 Bxh3 29. Nxh3 Rxh3 30. Rxh3 Qxh3 31. Qd3 Qxd3 32. Bxd3 Ne8 33. Bc3 Bxc3 34. Nxc3 Nc7 35. e5 Kg7 36. Bxg6 fxg6 37. Ne4 Rd8 38. Kg2 Kf7 39. Kg3 Na6 40. Rh1 Kg7 41. Ng5 Rd7 42. Rh7+ Kg8 43. e6 Rb7 44. Rf7 Nb4 45. Nh7 1-0

[Event "Valasska Bystrice op"]
[Site "Valasska Bystrice"]
[Date "2013.09.08"]
[Round "2"]
[White "Biza, Miroslav"]
[Black "Hrabal, Michal"]
[Result "1/2-1/2"]
[WhiteElo "1864"]
[BlackElo "2079"]
[PlyCount "64"]
[EventDate "2013.09.07"]
[EventType "swiss"]
[EventRounds "9"]
[EventCountry "CZE"]
[SourceTitle "CBM 156 Extra"]
[Source "ChessBase"]
[SourceDate "2013.10.22"]
[SourceVersion "1"]
[SourceVersionDate "2013.10.22"]
[SourceQuality "1"]

1. d4 Nf6 2. c4 g6 3. Nc3 Bg7 4. e4 d6 5. Be2 0-0 6. Bg5 Na6 7. f4 h6 8. Bh4 Qe8 9. e5 Nh7 10. Nf3 c5 11. d5 dxe5 12. fxe5 e6 13. Ne4 g5 14. Nd6 Qd8 15. Bg3 f6 16. 0-0 g4 17. Nh4 fxe5 18. Nxc8 Rxc8 19. Rxf8+ Nxf8 20. Bxg4 Qb6 21. Qe2 e4 22. Qxe4 Qxb2 23. Rb1 Qd4+ 24. Qxd4 Bxd4+ 25. Kf1 b6 26. Re1 Re8 27. Bxe6+ Nxe6 28. Rxe6 Rxe6 29. dxe6 Nb4 30. a4 Nc6 31. Ke2 Be5 32. Nf5 Bxg3 1/2-1/2

[Event "CZE-chT1E 1213"]
[Site "Czech Republic"]
[Date "2013.04.21"]
[Round "11.5"]
[White "Hrabal, Michal"]
[Black "Vanek, Ladislav"]
[Result "0-1"]
[WhiteElo "2100"]
[BlackElo "2181"]
[PlyCount "64"]
[EventDate "2012.10.21"]
[EventType "team-tourn"]
[EventRounds "11"]
[EventCountry "CZE"]
[SourceTitle "EXT 2014"]
[Source "ChessBase"]
[SourceDate "2013.11.20"]
[SourceVersion "1"]
[SourceVersionDate "2013.11.20"]
[SourceQuality "1"]
[WhiteTeam "Grygov II"]
[BlackTeam "Litovel II"]
[WhiteTeamCountry "CZE"]
[BlackTeamCountry "CZE"]

1. e4 c5 2. Nc3 d6 3. f4 g6 4. Nf3 Bg7 5. g3 Nc6 6. Bg2 Nf6 7. d3 Rb8 8. 0-0 0-0 9. h3 b5 10. Be3 Nd7 11. Rb1 b4 12. Ne2 Qa5 13. Nc1 Ba6 14. Rf2 Qc7 15. Ne2 Rfc8 16. f5 Nce5 17. Nf4 Bb7 18. fxg6 hxg6 19. Ng5 Nf6 20. c3 bxc3 21. bxc3 Bc6 22. Rc1 Qa5 23. Bf1 Qa3 24. Qd2 Bh6 25. Ng2 c4 26. Nh4 cxd3 27. Bxd3 Nxd3 28. Qxd3 Bxg5 29. Bxg5 Nxe4 30. Rxf7 Kxf7 31. Rf1+ Ke8 32. Bxe7 Qc5+ 0-1

[Event "CZE-chT2D 1213"]
[Site "Czech Republic"]
[Date "2012.12.16"]
[Round "5.1"]
[White "Novotny, Michal"]
[Black "Hrabal, Michal"]
[Result "1-0"]
[WhiteElo "2274"]
[BlackElo "2100"]
[PlyCount "61"]
[EventDate "2012.10.14"]
[EventType "team-tourn"]
[EventRounds "11"]
[EventCountry "CZE"]
[SourceTitle "EXT 2016"]
[Source "ChessBase"]
[SourceDate "2015.10.08"]
[SourceVersion "1"]
[SourceVersionDate "2015.10.08"]
[SourceQuality "1"]
[WhiteTeam "Chrudim"]
[BlackTeam "Ceska Trebova"]
[WhiteTeamCountry "CZE"]
[BlackTeamCountry "CZE"]

1. e4 e5 2. Nf3 Nc6 3. Bb5 f5 4. d3 fxe4 5. dxe4 Nf6 6. Qe2 Bc5 7. Qc4 d6 8. Nc3 Bd7 9. Bg5 h6 10. Bxf6 gxf6 11. Nh4 Ne7 12. Qe2 Bxb5 13. Qh5+ Kd7 14. Nxb5 c6 15. Qg4+ f5 16. Nxf5 cxb5 17. Nd4+ Ke8 18. Qh5+ Kd7 19. Qh3+ Ke8 20. Ne6 Qa5+ 21. c3 b4 22. 0-0 bxc3 23. bxc3 Rc8 24. Kh1 Bb6 25. Rad1 Rxc3 26. Ng7+ Kf8 27. Qe6 Rh7 28. f4 Rxg7 29. fxe5+ Ke8 30. exd6 Bd8 31. d7# 1-0